| 000 | 00462cam a22001457a 4500 | ||
|---|---|---|---|
| 008 | 180718b1992 xxu||||| |||| 00| 0 eng d | ||
| 020 | _a8185425973 | ||
| 082 | _aT2 Al11t | ||
| 100 | _aAlagh, Yoginder K. | ||
| 245 |
_aTechnology and development in Indian Subcontinent _cby Yoginder K. Alagh |
||
| 260 |
_aShimla _bIndian Institute of Advanced Study _c1992 |
||
| 300 | _a26p. | ||
| 650 | _aRural development - India | ||
| 650 | _aTechnological innovations - India | ||
| 999 |
_c361124 _d361124 |
||